Minecraft dalla A - Z - Statistics

Statistiche generali
  • Questo quiz è stato fatto 40 volte
  • Il punteggio medio è 12 su 26
Statistiche sulle risposte
Indizio Risposta % Corretto
Mostro il cui drop serve per la ricerca del portale dell'End B Blaze
80%
Albero comunemente trovato nel bioma della taiga A Abete
77%
Minerale bianco diffuso nel nether Q Quarzo
77%
Viene prodotto ogni 5 minuti circa dai polli U Uovo
77%
I blocchi di questo materiale ossidano nel tempo R Rame
73%
È fatta da sette fette T Torta
73%
Dream è un famoso ________ che porta contenuti su Minecraft Y Youtuber
73%
Una delle console su cui si può giocare a Minecraft X Xbox
70%
Protagonista della creepypasta più famosa di Minecraft H Herobrine
60%
Il minerale più forte di tutti N Netherite
60%
Boss che può essere generato direttamente dal giocatore W Wither
57%
Si crea con un lingotto di ferro e due pepite di ferro C Catena
47%
Effetto dato dai proiettili degli shulker L Levitazione
47%
Componente di pietra rossa che reagisce ai cambiamenti O Osservatore
43%
Nome che si dà a un mob che ne cavalca un altro J Jockey
40%
Il bioma rosso-arancione della terracotta M Mesa
40%
Struttura che può generarsi con una stanza segreta I Igloo
37%
Incantesimo per la canna da pesca che ti fa pescare più velocemente E Esca
33%
Si può generare in 11 diverse varianti G Gatto
33%
L'essere generato dall'evocatore V Vex
33%
Se un hoglin esce dal nether ai trasforma in questo mob Z Zoglin
30%
Fiore che trasformato dà il colorante giallo D Dente di leone
27%
Versione del coniglio che esiste solo nei comandi Java K Killer bunny
23%
Variante della terra che si trova nel bioma della taiga gigante P Podzol
20%
Cresce per terra e può essere raccolta con delle cesoie F Felce
10%
Schema di forgiatura trovato negli avamposti pillager S Sentinella
3%
Nessun quiz corrispondente trovato
Distribuzione punteggi
Percentuale di utenti per punteggio
Percentile per numero di risposta
I tuoi punteggi nel tempo
Non hai fatto questo quiz